000 00955nam a2200229 a 4500
001 000024063
005 20240411190152.0
008 110118s1972 ag r 001 0 spa d
040 _aDO-SdBNP
_bspa
_cBNPHU
082 _a342.73
_bS966d
100 1 _asutherland, Arthur E.
_949440
245 1 0 _aDe la carta magna a la constitución norteamericana :
_bideas fundamentales sobre constitucionalismo /
_cArthur E. Sutherland ; traducción José Clementi.
260 _aBuenos Aires, Argentina :
_bTipográfica Editora Argentina,
_c1972.
300 _a670 p. ;
_c23 cm.
500 _aIncluye índice de materias.
504 _aIncluye referencias bibliográficas y notas al pie de las páginas.
534 _aconstitucionalism in america, fundamental ideas, origin and evolution of its
650 4 _aEstados unidos
_xHistoria constitucional
_949441
650 0 _aHistoria constitucional
_949442
700 1 _aClementi, José,
_etr.
_941126
049 _aBNGR
999 _c23558
_d23558